Rompecabezas de Colorear Banderas #1 - Estadísticas

Estadísticas generales
  • Esta prueba ha sido intentada 16.861 veces
  • La puntuación promedio es 4 de 6
Respuestas en el mapa
Las respuestas están codificadas por una escala verde-roja en el mapa de la prueba según el % correcto abajo.
 
Estadísticas de respuestas
Respuesta % Correcto
Blanco
84%
Rojo
64%
Verde
61%
Amarillo
58%
Negro
57%
Azul
55%
No se encontraron pruebas coincidentes
Distribución de puntuación
Porcentaje de gente con cada puntuación
Porcentaje por número respondido
Historial de tus puntuaciones
No has intentado esta prueba.